| 000 | 00814nam a2200229 i 4500 | ||
|---|---|---|---|
| 001 | 16410 | ||
| 003 | ES-MaACL | ||
| 005 | 20230906151320.0 | ||
| 007 | t| | ||
| 008 | 000914s1956 sp ||||1| spa d | ||
| 080 | _a069(467.71 M.):903/904 | ||
| 100 | 1 |
_aJorge Aragoneses, Manuel. _966952 |
|
| 245 | 1 | 0 |
_aMuseo Arqueológico de Murcia / _cManuel Jorge Aragoneses. |
| 260 |
_aMadrid : _bDirección General de Bellas Artes, _c1956. |
||
| 300 |
_a122 p., 20 lám., 1 plan. pleg. : _bil. ; _c22 cm. |
||
| 490 | 1 |
_aGuías de los museos de España ; _v4 |
|
| 610 | 2 | 7 |
_aMuseo Arqueológico Provincial de Murcia. _95829 |
| 710 | 1 |
_aEspaña. _bDirección General de Bellas Artes. _93704 |
|
| 830 | 0 |
_aGuías de los museos de España ; _v4 _9181344 |
|
| 852 |
_aES-MaACL _jG-2133 _bR.123477 |
||
| 999 |
_c16410 _d16410 |
||